World's Largest Cities that Were Part of the Roman Empire - Statistics

General Stats
  • This quiz has been taken 78 times
  • The average score is 12 of 15
Answer Stats
Rank Population (Metro) Answer % Correct
56 6,171,000 Madrid
99%
29 10,858,000 Paris
97%
102 3,906,000 Rome
97%
32 10,236,000 London
96%
17 15,600,000 Cairo
94%
23 13,287,000 Istanbul
94%
123 3,484,000 Athens
93%
83 4,693,000 Barcelona
90%
71 5,257,000 Milan
86%
84 4,689,000 Alexandria
79%
87 4,538,000 Ankara
79%
109 3,706,000 Naples
78%
135 3,211,000 Casablanca
51%
142 3,112,000 Izmir
47%
118 3,560,000 Aleppo
35%
No matching quizzes found
Score Distribution
Percent of People with Each Score
Percentile by Number Answered
Your Score History
You have not taken this quiz